قصص القرآن ;; Qiṣaṣ al-Qurʼān / (Record no. 78128)
[ view plain ]
| 000 -LEADER | |
|---|---|
| fixed length control field | 01210cam a2200289 a 4500 |
| 001 - CONTROL NUMBER | |
| control field | 78128 |
| 003 - CONTROL NUMBER IDENTIFIER | |
| rucl marc code | BD-RjUL |
| 005 - DATE AND TIME OF LATEST TRANSACTION | |
| control field | 20211209083107.0 |
| 008 - FIXED-LENGTH DATA ELEMENTS--GENERAL INFORMATION | |
| fixed length control field | 210224s1953 su b 000 0 ara d |
| 035 ## - SYSTEM CONTROL NUMBER | |
| System control number | (BD-RjUL)78354 |
| 040 ## - CATALOGING SOURCE | |
| Original cataloging agency | NUI |
| Transcribing agency | NUI |
| Modifying agency | EMU |
| -- | IUL |
| -- | IXA |
| -- | LEILA |
| -- | DLC |
| Language of cataloging | eng |
| 041 ## - LANGUAGE CODE | |
| Language code of text/sound track or separate title | ara |
| 066 ## - CHARACTER SETS PRESENT | |
| Alternate G0 or G1 character set | (3 |
| 082 ## - DEWEY DECIMAL CLASSIFICATION NUMBER | |
| Edition number | 23 |
| Classification number | 297.18 |
| Author mark and year | DIQ 1953 |
| 100 1# - MAIN ENTRY--PERSONAL NAME | |
| Personal name | المولى محمد احمد جاد ;; Mawla Mohamed Ahmed Gad |
| 9 (RLIN) | 245220 |
| 245 10 - TITLE STATEMENT | |
| Title | قصص القرآن ;; Qiṣaṣ al-Qurʼān / |
| Statement of responsibility, etc. | محمد احمد جاد المولى ; محمد أبو الفضل إبراهيم ; علي محمد البجوي ;; Muhammad Ahmad Gad al-Mawla ; Muhammad Abu al-Fadl Ibrahim ; Ali Muhammad al-Bajwi |
| 250 ## - EDITION STATEMENT | |
| Edition statement | al-Ṭabʻah 5 |
| 260 ## - PUBLICATION, DISTRIBUTION, ETC. (IMPRINT) | |
| Place of publication, distribution, etc. | : القاهرة |
| Name of publisher, distributor, etc. | مطبعة الاستقامة , |
| Date of publication, distribution, etc. | [ 1953] |
| 300 ## - PHYSICAL DESCRIPTION | |
| Pagination | 431 p. ; |
| Size | 25 cm. |
| 504 ## - BIBLIOGRAPHY, ETC. NOTE | |
| Bibliography, etc | Includes bibliographical references. |
| 650 #0 - SUBJECT ADDED ENTRY--TOPICAL TERM | |
| Topical term or geographic name as entry element | Qurʼan stories |
| Form subdivision | Early works to 1800. |
| 9 (RLIN) | 245221 |
| 700 ## - ADDED ENTRY--PERSONAL NAME | |
| Personal name | Ibrahim, Muhammad Abu al-Fadl |
| Personal name | إبراهيم, محمد ابو الفضل |
| Personal name | al-Bajwi, Ali Muhammad |
| Personal name | البجوي ، علي محمد |
| 942 ## - ADDED ENTRY ELEMENTS (KOHA) | |
| Source of classification or shelving scheme | Dewey Decimal Classification |
| Koha item type | Books |
| Lost status | Source of classification or shelving scheme | Damaged status | Not for loan | Collection code | Permanent Location | Current Location | Shelving location | Date acquired | Total Checkouts | Full call number | Date last seen | Copy number | Koha item type |
|---|---|---|---|---|---|---|---|---|---|---|---|---|---|
| Dewey Decimal Classification | Not For Loan | Non-fiction | Central Library, University of Rajshahi | Central Library, University of Rajshahi | Reading Room | 23/03/2021 | A 297.18 DIQ 1953 | 23/03/2021 | C-1 | Books |